| 000 | 00498nam a22001697a 4500 | ||
|---|---|---|---|
| 003 | MACL | ||
| 005 | 20160510132717.0 | ||
| 008 | 160510b xxu||||| |||| 00| 0 eng d | ||
| 040 | _cMACL | ||
| 041 | _aHindi | ||
| 082 | _a891.431 | ||
| 100 |
_aपंकज विश्वंभर, दयाल _955922 |
||
| 245 | _aसत्याभ शिवालय | ||
| 260 |
_aदिल्ली _bशारदा प्रकाशन |
||
| 650 |
_aकविता _9226 |
||
| 942 |
_2ddc _cHIN |
||
| 999 |
_c53943 _d53943 |
||